000 00384nam a2200157Ia 4500
008 230917s9999||||xx |||||||||||||| ||und||
020 _cGBP29.5
040 _e83269
_aMAIN
041 _aEnglish
082 _a822.3 W555M
100 _aWharton, T F
245 0 _aMoral experiment in Jacobean drama
260 _aHoundmills
_bMacmillan
_c1988
300 _aviii, 151 p.
942 _cBK
999 _c73727
_d73727